[Event "Davos Ski op"]
[Site "Davos"]
[Date "2023.12.17"]
[Round "4"]
[White "Walti, Rolf"]
[Black "Steiner, Mario"]
[Result "1-0"]
[WhiteElo "2009"]
[BlackElo "1641"]
[PlyCount "97"]
[EventDate "2023.12.15"]
[EventType "swiss"]
[EventRounds "5"]
[EventCountry "SUI"]
[SourceTitle "CBM 217 Extra"]
[Source "ChessBase"]
[SourceDate "2024.01.31"]
[SourceVersion "1"]
[SourceVersionDate "2024.01.31"]
[SourceQuality "1"]

1. Nf3 d5 2. b3 Nf6 3. e3 Bg4 4. Bb2 Nbd7 5. h3 Bh5 6. d3 e6 7. Nbd2 Bd6 8. Qe2 a5 9. a3 b5 10. g4 Bg6 11. Nh4 Qe7 12. Bg2 a4 13. Nxg6 hxg6 14. b4 c5 15. c3 Rc8 16. 0-0 0-0 17. Rac1 cxb4 18. cxb4 Bxb4 19. axb4 Qxb4 20. Nb1 Qa5 21. g5 Nh7 22. Ba3 b4 23. Qd2 Rb8 24. d4 Qb6 25. Bb2 a3 26. Nxa3 bxa3 27. Bxa3 Rfc8 28. h4 Qa6 29. Ra1 Rb3 30. Be7 Qb7 31. Rfc1 Rxc1+ 32. Qxc1 Nb6 33. Bc5 Na4 34. Bf1 Nc3 35. Ra7 Qc8 36. Qa1 Ne4 37. Ra8 Rb8 38. Rxb8 Qxb8 39. Qa5 Qc8 40. Ba6 Qd7 41. Bb5 Qc8 42. Ba6 Qd7 43. Bd3 Nxc5 44. dxc5 Qc6 45. Qb6 Qa4 46. Be2 Qxh4 47. Qd8+ Nf8 48. c6 Qb4 49. c7 1-0

[Event "Davos Ski op"]
[Site "Davos"]
[Date "2023.12.16"]
[Round "2"]
[White "Walti, Rolf"]
[Black "Planinic, Lucija"]
[Result "1-0"]
[WhiteElo "2009"]
[BlackElo "1522"]
[PlyCount "79"]
[EventDate "2023.12.15"]
[EventType "swiss"]
[EventRounds "5"]
[EventCountry "SUI"]
[SourceTitle "CBM 217 Extra"]
[Source "ChessBase"]
[SourceDate "2024.01.31"]
[SourceVersion "1"]
[SourceVersionDate "2024.01.31"]
[SourceQuality "1"]

1. d4 Nf6 2. Nc3 d5 3. Bg5 Nbd7 4. Nf3 g6 5. e3 Bg7 6. Bd3 0-0 7. 0-0 c5 8. Re1 h6 9. Bh4 b6 10. e4 dxe4 11. Nxe4 cxd4 12. Nxd4 Bb7 13. Nxf6+ Nxf6 14. c3 Re8 15. Bb5 Rf8 16. Nc6 Bxc6 17. Bxc6 Rc8 18. Bf3 e6 19. Qb3 Qe7 20. h3 Rfd8 21. Bg3 Nd7 22. Rad1 Nc5 23. Qc2 a5 24. Bf4 Qh4 25. Rxd8+ Qxd8 26. Rd1 Qe8 27. Qd2 e5 28. Bxh6 e4 29. Bxg7 Kxg7 30. Be2 Qe7 31. Bb5 Kg8 32. Qd4 Rc7 33. Re1 Qf8 34. Re3 Re7 35. b4 axb4 36. cxb4 Ne6 37. Qxe4 Qb8 38. g3 Qc7 39. Bc4 f5 40. Bxe6+ 1-0

[Event "FRA-chT2"]
[Site "France"]
[Date "2002.03.??"]
[Round "8"]
[White "Mainka, Romuald"]
[Black "Walti, Rolf"]
[Result "1-0"]
[WhiteElo "2423"]
[BlackElo "2202"]
[PlyCount "87"]
[EventDate "2002.??.??"]
[EventType "team-tourn"]
[EventRounds "11"]
[EventCountry "FRA"]
[SourceTitle "EXT 2003"]
[Source "ChessBase"]
[SourceDate "2002.11.25"]
[SourceVersion "1"]
[SourceVersionDate "2002.11.25"]
[SourceQuality "1"]

1. e4 e6 2. d4 d5 3. Nc3 Bb4 4. e5 Qd7 5. Qg4 f5 6. Qg3 b6 7. Nh3 Ba6 8. Bxa6 Nxa6 9. 0-0 0-0-0 10. Nf4 Bf8 11. a4 Nb4 12. Nb5 g5 13. Nd3 f4 14. Qxg5 Nxc2 15. Ra2 a6 16. b3 Nb4 17. Nxb4 Bxb4 18. Na3 f3 19. g3 h5 20. Nc2 Bf8 21. Qf4 h4 22. Qxf3 Be7 23. g4 h3 24. Kh1 Rf8 25. Qe2 Kb7 26. Be3 Nh6 27. Rg1 Bh4 28. f3 Nf7 29. g5 Rfg8 30. f4 Nd8 31. Qd3 Nc6 32. Raa1 Ne7 33. Rac1 Nf5 34. Nb4 b5 35. Rc5 Nxe3 36. Qxe3 Qh7 37. Rgc1 Rg7 38. axb5 Qe4+ 39. Qxe4 dxe4 40. bxa6+ Kb6 41. Rc6+ Kb5 42. R1c4 Rf8 43. Nc2 Rxf4 44. R4c5# 1-0

[Event "FRA-chT2"]
[Site "France"]
[Date "2002.03.??"]
[Round "9"]
[White "Walti, Rolf"]
[Black "Lepan, Marvin"]
[Result "1-0"]
[WhiteElo "2202"]
[BlackElo "2189"]
[PlyCount "119"]
[EventDate "2002.??.??"]
[EventType "team-tourn"]
[EventRounds "11"]
[EventCountry "FRA"]
[SourceTitle "EXT 2003"]
[Source "ChessBase"]
[SourceDate "2002.11.25"]
[SourceVersion "1"]
[SourceVersionDate "2002.11.25"]
[SourceQuality "1"]

1. d4 d5 2. Nc3 Nf6 3. Bg5 Bf5 4. Bxf6 exf6 5. e3 c6 6. Bd3 Bxd3 7. Qxd3 Na6 8. a3 g6 9. e4 dxe4 10. Qxe4+ Qe7 11. Qxe7+ Bxe7 12. Nf3 Nc7 13. 0-0 0-0 14. Rfe1 Rfe8 15. Rad1 Rad8 16. Ne2 Bf8 17. Nf4 Rxe1+ 18. Rxe1 Bh6 19. Nd3 Ne6 20. c3 b6 21. Nb4 Rd6 22. g3 c5 23. Nc2 f5 24. Rd1 Bg7 25. Rd2 f4 26. g4 Kf8 27. Kf1 Ke7 28. Ke2 b5 29. Kd1 a5 30. b3 b4 31. axb4 axb4 32. cxb4 cxd4 33. Nce1 Nc7 34. Nd3 Nd5 35. Re2+ Re6 36. Rxe6+ fxe6 37. Ke1 e5 38. Nfxe5 Bxe5 39. Nxe5 Nxb4 40. Kd2 Ke6 41. Nd3 Nd5 42. f3 g5 43. Nc5+ Ke5 44. Kd3 Nb6 45. b4 Nd5 46. b5 h5 47. h3 hxg4 48. hxg4 Nb4+ 49. Kc4 Nd5 50. Nd3+ Kd6 51. Kxd4 Nc7 52. b6 Nb5+ 53. Ke4 Kc6 54. Ne5+ Kxb6 55. Nf7 Nc3+ 56. Kf5 Kc5 57. Nxg5 Ne2 58. Ne6+ Kd6 59. Nxf4 Ng3+ 60. Kf6 1-0

[Event "FRA-chT2"]
[Site "France"]
[Date "2002.03.??"]
[Round "11"]
[White "Walti, Rolf"]
[Black "Teske, Henrik"]
[Result "0-1"]
[WhiteElo "2202"]
[BlackElo "2522"]
[PlyCount "46"]
[EventDate "2002.??.??"]
[EventType "team-tourn"]
[EventRounds "11"]
[EventCountry "FRA"]
[SourceTitle "EXT 2003"]
[Source "ChessBase"]
[SourceDate "2002.11.25"]
[SourceVersion "1"]
[SourceVersionDate "2002.11.25"]
[SourceQuality "1"]

1. d4 Nf6 2. Nc3 d5 3. Bg5 c5 4. Bxf6 gxf6 5. e3 e6 6. Qh5 Nd7 7. Bb5 a6 8. Bxd7+ Bxd7 9. Nge2 b5 10. Nf4 cxd4 11. exd4 Bd6 12. Nfxd5 exd5 13. 0-0 0-0 14. Nxd5 Be6 15. Ne3 Kh8 16. Rad1 Rg8 17. d5 Rg5 18. Qh4 Bd7 19. Kh1 Qf8 20. h3 Qg7 21. f4 Rg6 22. b4 Rg8 23. Rf2 Rh6 0-1

[Event "FRA-chT2"]
[Site "France"]
[Date "2001.12.??"]
[Round "4"]
[White "Nemirovski, Serge"]
[Black "Walti, Rolf"]
[Result "1-0"]
[WhiteElo "2236"]
[BlackElo "2202"]
[PlyCount "73"]
[EventDate "2002.??.??"]
[EventType "team-tourn"]
[EventRounds "11"]
[EventCountry "FRA"]
[SourceTitle "EXT 2003"]
[Source "ChessBase"]
[SourceDate "2002.11.25"]
[SourceVersion "1"]
[SourceVersionDate "2002.11.25"]
[SourceQuality "1"]

1. d4 e6 2. e4 d5 3. Nc3 Bb4 4. e5 Qd7 5. Bd2 b6 6. Bb5 c6 7. Ba4 Ba6 8. Nce2 Bf8 9. c3 Ne7 10. Nf3 Nf5 11. 0-0 Be7 12. Re1 Nh4 13. Nxh4 Bxh4 14. Nf4 g6 15. Qg4 Be7 16. Re3 Bb5 17. Bc2 c5 18. a4 Bc6 19. b4 a6 20. Rf3 Bb7 21. bxc5 bxc5 22. Nh3 h5 23. Qg3 Nc6 24. Rxf7 cxd4 25. Bxg6 0-0-0 26. cxd4 Kb8 27. Qd3 Rdg8 28. Bg5 Qe8 29. Rb1 Rxg6 30. Qxg6 Nd8 31. Rg7 Bxg5 32. Qxe8 Rxe8 33. Nxg5 Ka8 34. f3 Bc6 35. Rc7 Bxa4 36. Rc8+ Ka7 37. Rbb8 1-0

[Event "FRA-chT2"]
[Site "France"]
[Date "2001.11.??"]
[Round "3"]
[White "Gaston, Serge"]
[Black "Walti, Rolf"]
[Result "0-1"]
[WhiteElo "2233"]
[BlackElo "2202"]
[PlyCount "69"]
[EventDate "2002.??.??"]
[EventType "team-tourn"]
[EventRounds "11"]
[EventCountry "FRA"]
[SourceTitle "EXT 2003"]
[Source "ChessBase"]
[SourceDate "2002.11.25"]
[SourceVersion "1"]
[SourceVersionDate "2002.11.25"]
[SourceQuality "1"]

1. e4 e6 2. d4 d5 3. Nd2 Nf6 4. e5 Ng8 5. c3 Qd7 6. f4 b6 7. Ne2 Ba6 8. Nf3 h5 9. g3 Nh6 10. h3 Nf5 11. Rg1 Be7 12. Kf2 c5 13. g4 hxg4 14. hxg4 Nh4 15. Rh1 Nc6 16. Qa4 Bd3 17. g5 Ng6 18. Rxh8+ Nxh8 19. Qd1 c4 20. Bh3 0-0-0 21. Ng3 Ng6 22. f5 Rh8 23. fxg6 Rxh3 24. gxf7 Bf8 25. Kg2 Rh8 26. Qd2 Ne7 27. b3 Nf5 28. bxc4 dxc4 29. Nxf5 Bxf5 30. d5 exd5 31. Qf4 Qxf7 32. Be3 Bc5 33. Bxc5 bxc5 34. Rh1 Rf8 35. Rf1 0-1

[Event "FRA-chT2"]
[Site "France"]
[Date "2001.10.??"]
[Round "1"]
[White "Walti, Rolf"]
[Black "Schild, Christoph"]
[Result "0-1"]
[WhiteElo "2202"]
[BlackElo "2264"]
[PlyCount "126"]
[EventDate "2002.??.??"]
[EventType "team-tourn"]
[EventRounds "11"]
[EventCountry "FRA"]
[SourceTitle "EXT 2003"]
[Source "ChessBase"]
[SourceDate "2002.11.25"]
[SourceVersion "1"]
[SourceVersionDate "2002.11.25"]
[SourceQuality "1"]

1. b3 Nf6 2. Bb2 d5 3. e3 e6 4. f4 Bd6 5. Nf3 c6 6. Be2 b6 7. 0-0 Qc7 8. c4 dxc4 9. bxc4 Nbd7 10. d4 Bb7 11. Nc3 Rd8 12. Ne5 Nxe5 13. fxe5 Bxe5 14. h3 c5 15. Bf3 Bxf3 16. Qxf3 cxd4 17. Nb5 Qxc4 18. Nxa7 Qd5 19. Nc6 Qxf3 20. Rxf3 Rd5 21. Nxe5 Rxe5 22. Bxd4 Rb5 23. Bxf6 gxf6 24. Rxf6 Rg8 25. Raf1 Rb2 26. R6f2 Rxf2 27. Kxf2 Kd7 28. Rb1 Kc6 29. a4 Rg5 30. Rb4 f6 31. Kf3 Kc5 32. Rb5+ Kc6 33. Rb4 Rf5+ 34. Ke2 Rd5 35. Re4 e5 36. Rc4+ Kb7 37. Rh4 Rd7 38. Rh6 Rf7 39. Kd3 Ka6 40. Kc4 Ka5 41. Kd5 Kxa4 42. Ke6 Rg7 43. Rh4+ Ka3 44. Kxf6 Rb7 45. Kxe5 b5 46. Kd6 b4 47. Kc6 Re7 48. Kd6 Rg7 49. Rh5 b3 50. Ra5+ Kb4 51. Ra8 Rg5 52. e4 Ra5 53. Rb8+ Rb5 54. Rf8 Kc4 55. e5 Rb6+ 56. Kd7 Kd5 57. e6 Rd6+ 58. Kc7 Rxe6 59. Rb8 Kc4 60. Kd7 Rg6 61. g4 Rh6 62. Ke7 Kc3 63. Kf7 Rxh3 0-1

[Event "Zuerich Hilton op"]
[Site "Zuerich"]
[Date "1999.08.20"]
[Round "7"]
[White "Vucenovic, Dragomir"]
[Black "Walti, Rolf"]
[Result "1/2-1/2"]
[WhiteElo "2285"]
[BlackElo "2186"]
[PlyCount "45"]
[EventDate "1999.08.13"]
[EventType "swiss"]
[EventRounds "9"]
[EventCountry "SUI"]
[SourceTitle "EXT 2000"]
[Source "ChessBase"]
[SourceDate "1999.11.16"]
[SourceVersion "1"]
[SourceVersionDate "1999.11.16"]
[SourceQuality "1"]

1. c4 b6 2. Nf3 Bb7 3. e3 e6 4. Be2 f5 5. b3 Nf6 6. Bb2 Be7 7. a3 0-0 8. d3 a5 9. Qc2 Na6 10. Nbd2 Qe8 11. h3 d5 12. 0-0 Bd6 13. Ne5 c5 14. f4 Rd8 15. Ndf3 Nb8 16. Bc3 Nc6 17. Qb2 Qe7 18. Nxc6 Bxc6 19. Be5 Nd7 20. Bxd6 Qxd6 21. Rad1 Qe7 22. Ne5 Nxe5 23. Qxe5 1/2-1/2

[Event "Baden Casino op 4th"]
[Site "Baden"]
[Date "1999.04.08"]
[Round "7"]
[White "Wildi, Marcel"]
[Black "Walti, Rolf"]
[Result "1/2-1/2"]
[WhiteElo "2285"]
[BlackElo "2185"]
[PlyCount "48"]
[EventDate "1999.04.??"]
[EventType "swiss"]
[EventRounds "9"]
[EventCountry "SUI"]
[SourceTitle "EXT 2000"]
[Source "ChessBase"]
[SourceDate "1999.11.16"]
[SourceVersion "1"]
[SourceVersionDate "1999.11.16"]
[SourceQuality "1"]

1. e4 e6 2. d4 d5 3. Nd2 Nf6 4. e5 Ng8 5. Bd3 Qd7 6. a4 a5 7. Ne2 b6 8. c3 Ba6 9. Bc2 c5 10. Nf3 Ne7 11. Be3 Nec6 12. 0-0 cxd4 13. Bxd4 Nxd4 14. Nfxd4 Nc6 15. Re1 Bc5 16. Nxc6 Bxe2 17. Qxe2 Qxc6 18. c4 0-0 19. cxd5 exd5 20. Rad1 Rad8 21. Rd3 Rfe8 22. Rh3 g6 23. Kh1 Bb4 24. Rf1 Qc4 1/2-1/2

[Event "Baden Casino op 2nd"]
[Site "Baden"]
[Date "1997.??.??"]
[Round "?"]
[White "Walti, Rolf"]
[Black "Kortschnoj, Viktor Lvovich"]
[Result "0-1"]
[WhiteElo "2205"]
[BlackElo "2635"]
[PlyCount "56"]
[EventDate "1997.04.??"]
[EventType "swiss"]
[EventRounds "9"]
[EventCountry "SUI"]
[SourceTitle "EXT 1999"]
[Source "ChessBase"]
[SourceDate "1998.11.16"]
[SourceVersion "1"]
[SourceVersionDate "1998.11.16"]
[SourceQuality "1"]

1. d4 Nf6 2. Nc3 d5 3. Bg5 e6 4. e4 dxe4 5. Nxe4 Nbd7 6. Nf3 h6 7. Nxf6+ Nxf6 8. Bxf6 Qxf6 9. Qd2 Bd6 10. Be2 0-0 11. Qd3 c5 12. 0-0-0 Rd8 13. Kb1 Bd7 14. h4 Bc6 15. g4 cxd4 16. g5 Qf5 17. Qxf5 exf5 18. Rhg1 hxg5 19. Rxg5 Be4 20. Rdg1 g6 21. h5 Bf4 22. hxg6 Bxg5 23. Nxg5 fxg6 24. Ne6 Rdc8 25. Nxd4 Kf7 26. Kc1 Kf6 27. c3 Rh8 28. Kd2 Rh2 0-1

[Event "SUI-chT"]
[Site "Switzerland"]
[Date "1995.??.??"]
[Round "4"]
[White "Schild, Christophe"]
[Black "Walti, Rolf"]
[Result "0-1"]
[WhiteElo "2095"]
[BlackElo "2225"]
[PlyCount "80"]
[EventDate "1995.??.??"]
[EventType "team-tourn"]
[EventRounds "9"]
[EventCountry "SUI"]
[SourceTitle "CBM 049 Extra"]
[Source "ChessBase"]
[SourceDate "1996.01.01"]
[SourceVersion "1"]
[SourceVersionDate "1996.01.01"]
[SourceQuality "1"]

1. e4 e6 2. d3 d5 3. Nd2 Nf6 4. Ngf3 b6 5. c3 Bb7 6. Qc2 Be7 7. g3 c5 8. Bg2 Nc6 9. 0-0 Qc7 10. Re1 0-0-0 11. Nf1 dxe4 12. dxe4 Ng4 13. Bf4 Nge5 14. Nxe5 Nxe5 15. Ne3 g5 16. Bxe5 Qxe5 17. a4 Qc7 18. Qb3 Bc6 19. Nc4 h5 20. Rad1 Rxd1 21. Qxd1 h4 22. Re3 hxg3 23. hxg3 Rd8 24. Rd3 Rxd3 25. Qxd3 f6 26. b3 Qd7 27. Qxd7+ Bxd7 28. e5 f5 29. Kf1 b5 30. axb5 Bxb5 31. Ke2 Bxc4+ 32. bxc4 Kc7 33. Kd3 a5 34. Kc2 Bf8 35. Kb3 Bg7 36. Bh3 g4 37. Bg2 Bxe5 38. Ba8 Bf6 39. Bg2 Bg5 40. Kc2 f4 0-1

[Event "Metz op 13th"]
[Site "Metz"]
[Date "1995.??.??"]
[Round "9"]
[White "Walti, Rolf"]
[Black "Prevot, Emmanuel"]
[Result "1-0"]
[WhiteElo "2230"]
[BlackElo "2255"]
[PlyCount "145"]
[EventDate "1995.05.??"]
[EventType "swiss"]
[EventRounds "9"]
[EventCountry "FRA"]
[SourceTitle "EXT 2001"]
[Source "ChessBase"]
[SourceDate "2000.11.22"]
[SourceVersion "1"]
[SourceVersionDate "2000.11.22"]
[SourceQuality "1"]

1. Nf3 Nf6 2. b3 g6 3. Bb2 Bg7 4. c4 0-0 5. g3 d6 6. d4 c5 7. Bg2 Nc6 8. 0-0 Bg4 9. Nbd2 cxd4 10. Nxd4 Qd7 11. Nxc6 bxc6 12. Re1 Bh3 13. Bh1 e5 14. e3 Rae8 15. Qc2 Ng4 16. Ne4 Qf5 17. f3 Nf6 18. Nxf6+ Bxf6 19. Qxf5 Bxf5 20. Rad1 Rd8 21. f4 c5 22. Rd2 Be7 23. Kf2 e4 24. Bc3 Rb8 25. Bg2 Rb7 26. Rh1 Re8 27. h3 Bf8 28. g4 Bd7 29. Kg3 Bc6 30. h4 h5 31. Bh3 hxg4 32. Bxg4 f5 33. Be2 Rh7 34. h5 Re6 35. Bd1 Be8 36. Rdh2 gxh5 37. Bxh5 Bxh5 38. Rxh5 Rg6+ 39. Kf2 Rgh6 40. Rg5+ Kf7 41. Rxf5+ Ke7 42. Rxh6 Rxh6 43. Kg2 Rh7 44. Rg5 Ke6 45. Rg8 Be7 46. Rh8 Rxh8 47. Bxh8 Kf5 48. Kf2 Kg4 49. Ke2 Kf5 50. Bc3 Ke6 51. a3 Bf8 52. Kd2 a6 53. Kc2 Be7 54. Bd2 Bf8 55. Bc3 Be7 56. b4 cxb4 57. axb4 d5 58. Kb3 dxc4+ 59. Kxc4 Bf8 60. Bd4 Be7 61. Kb3 Bd8 62. Kc4 Be7 63. Bb6 Bf8 64. Kd4 Bxb4 65. Kxe4 a5 66. f5+ Ke7 67. Kd5 a4 68. e4 Kf7 69. Bd4 Ke7 70. e5 Kf8 71. f6 Ke8 72. e6 Bf8 73. f7+ 1-0

[Event "SUI-chT"]
[Site "Switzerland"]
[Date "1993.??.??"]
[Round "?"]
[White "Chachere, Lawrence"]
[Black "Walti, Rolf"]
[Result "1-0"]
[WhiteElo "2225"]
[BlackElo "2275"]
[PlyCount "153"]
[EventDate "1993.??.??"]
[EventType "team-tourn"]
[EventRounds "9"]
[EventCountry "SUI"]
[SourceTitle "TD"]
[Source "ChessBase"]
[SourceDate "1994.03.01"]
[SourceVersion "1"]
[SourceVersionDate "1994.03.01"]
[SourceQuality "1"]

1. d4 e6 2. e4 d5 3. Nd2 Nf6 4. e5 Ng8 5. c3 b6 6. Bd3 Qd7 7. Qe2 a5 8. Ngf3 Ba6 9. c4 Ne7 10. b3 Ng6 11. Qe3 Be7 12. 0-0 Nc6 13. Bb2 Nb4 14. Bb1 Bb7 15. a3 Na6 16. Ng5 Bxg5 17. Qxg5 Qe7 18. Qg3 Qh4 19. Qe3 Qh5 20. Nf3 Ne7 21. Qf4 dxc4 22. bxc4 Bxf3 23. gxf3 Rd8 24. Rd1 Ng6 25. Bxg6 Qxg6+ 26. Qg3 Qc2 27. Qxg7 Rf8 28. Rab1 Kd7 29. Kh1 Kc8 30. Rdc1 Qxf2 31. Qg2 Qxg2+ 32. Kxg2 Rg8+ 33. Kf2 Rg6 34. Rg1 c6 35. Bc3 Rxg1 36. Kxg1 Kc7 37. c5 Rg8+ 38. Kf2 bxc5 39. Bxa5+ Kc8 40. Rb6 Nb8 41. dxc5 Rg5 42. f4 Rg4 43. Bd2 Kc7 44. Be3 Nd7 45. Rb1 Rg8 46. a4 Nf8 47. Bd2 Ng6 48. Ba5+ Kc8 49. Rb6 Kc7 50. Rb3+ Kc8 51. Ke3 Ne7 52. Ke4 Rg2 53. Rd3 Nd5 54. Rd2 Rg1 55. Kf3 Rf1+ 56. Rf2 Ra1 57. Bb6 Rxa4 58. Kg4 Kd7 59. Kg5 Ke7 60. h4 Ne3 61. Bc7 h6+ 62. Kh5 Nf5 63. Rd2 Rxf4 64. Bd8+ Ke8 65. Bf6 Ne7 66. Rb2 Nd5 67. Rb8+ Kd7 68. Rb7+ Nc7 69. Kxh6 Rg4 70. Bg5 Rc4 71. Kg7 Rxc5 72. h5 Kc8 73. Rxc7+ Kxc7 74. h6 f6 75. h7 fxg5 76. h8Q Rd5 77. Kf6 1-0

[Event "SUI-chT"]
[Site "Switzerland"]
[Date "1993.??.??"]
[Round "?"]
[White "Walti, Rolf"]
[Black "Hug, Marcel"]
[Result "0-1"]
[WhiteElo "2275"]
[BlackElo "2235"]
[PlyCount "80"]
[EventDate "1993.??.??"]
[EventType "team-tourn"]
[EventRounds "9"]
[EventCountry "SUI"]
[SourceTitle "TD"]
[Source "ChessBase"]
[SourceDate "1994.03.01"]
[SourceVersion "1"]
[SourceVersionDate "1994.03.01"]
[SourceQuality "1"]

1. Nf3 Nf6 2. b3 d6 3. d4 g6 4. Bb2 Bg7 5. g3 0-0 6. Bg2 c6 7. 0-0 a5 8. c4 Bf5 9. Nc3 Qc8 10. Re1 Ne4 11. Na4 Nd7 12. Nh4 b5 13. Nxf5 gxf5 14. cxb5 cxb5 15. Rc1 Qb7 16. Nc3 d5 17. Qd3 Rab8 18. Rc2 e6 19. Rec1 Nd6 20. Nxd5 exd5 21. Rc7 Qa8 22. Rxd7 Rfd8 23. Rxd8+ Rxd8 24. e3 b4 25. Rc5 Ne4 26. Bxe4 fxe4 27. Qc2 Bf8 28. Qe2 a4 29. Rc1 axb3 30. axb3 Qa2 31. Qc2 Qa6 32. Qc7 Rd6 33. Qc2 Qb5 34. Kg2 Ra6 35. Qd1 Qd7 36. Ra1 Rh6 37. h4 Be7 38. Kh2 Bxh4 39. gxh4 Rxh4+ 40. Kg2 Qh3+ 0-1

[Event "SUI-chT"]
[Site "Switzerland"]
[Date "1993.??.??"]
[Round "?"]
[White "Walti, Rolf"]
[Black "Preiss, Martin"]
[Result "0-1"]
[WhiteElo "2275"]
[BlackElo "2235"]
[PlyCount "78"]
[EventDate "1993.??.??"]
[EventType "team-tourn"]
[EventRounds "9"]
[EventCountry "SUI"]
[SourceTitle "TD"]
[Source "ChessBase"]
[SourceDate "1994.03.01"]
[SourceVersion "1"]
[SourceVersionDate "1994.03.01"]
[SourceQuality "1"]

1. d4 f5 2. Nc3 Nf6 3. Bg5 d5 4. Bxf6 exf6 5. e3 c6 6. Bd3 Na6 7. a3 g6 8. h3 Bd6 9. g4 fxg4 10. hxg4 0-0 11. Qf3 Qe7 12. Nge2 f5 13. g5 Nc7 14. Nf4 Qxg5 15. Qh3 Rf7 16. Nce2 Ne6 17. Nxe6 Bxe6 18. 0-0-0 Qf6 19. f4 Re8 20. Ng1 Bd7 21. Qf3 c5 22. c3 cxd4 23. exd4 Bc6 24. Bc2 Qe6 25. Rh3 Rfe7 26. Kd2 Qf6 27. Qf2 Bb5 28. Qf3 Re4 29. Bxe4 fxe4 30. Qg4 Bxf4+ 31. Ke1 Bg5 32. Qg2 Rf8 33. Ne2 Bc4 34. b3 Bxb3 35. Rb1 Bc4 36. Rxb7 h6 37. Rh1 Qa6 38. Qxg5 hxg5 39. Rhh7 Qf6 0-1

[Event "Bern op"]
[Site "Bern"]
[Date "1992.??.??"]
[Round "1"]
[White "Bellon Lopez, Juan Manuel"]
[Black "Walti, Rolf"]
[Result "0-1"]
[WhiteElo "2435"]
[BlackElo "2210"]
[PlyCount "60"]
[EventDate "1992.02.??"]
[EventType "swiss"]
[EventRounds "9"]
[EventCountry "SUI"]
[SourceTitle "CBM 028"]
[Source "ChessBase"]
[SourceDate "1992.06.01"]
[SourceVersion "1"]
[SourceVersionDate "1992.06.01"]
[SourceQuality "1"]

1. d4 Nf6 2. c4 c5 3. Nc3 cxd4 4. Qxd4 Nc6 5. Qd1 e6 6. Nf3 a6 7. e3 Qc7 8. Bd3 b6 9. a3 Bb7 10. e4 Rc8 11. Bd2 Ng4 12. Qe2 Na5 13. h3 Ne5 14. Nxe5 Qxe5 15. Be3 Bc5 16. 0-0 0-0 17. f4 Qc7 18. Nd1 Nb3 19. Rb1 f5 20. Nf2 Bxe3 21. Qxe3 Qc5 22. Qxc5 Nxc5 23. exf5 Nxd3 24. Nxd3 Rxf5 25. Rbc1 Be4 26. Ne5 d6 27. Nd7 Rf7 28. Nxb6 Rb8 29. Na4 Bc6 30. Nc3 Rxb2 0-1

[Event "Suhr op"]
[Site "Suhr"]
[Date "1992.??.??"]
[Round "8"]
[White "Jurek, Josef"]
[Black "Walti, Rolf"]
[Result "0-1"]
[WhiteElo "2315"]
[BlackElo "2210"]
[PlyCount "100"]
[EventDate "1992.??.??"]
[EventType "swiss"]
[EventRounds "9"]
[EventCountry "SUI"]
[SourceTitle "CBM 027 Extra"]
[Source "ChessBase"]
[SourceDate "1992.05.01"]
[SourceVersion "1"]
[SourceVersionDate "1992.05.01"]
[SourceQuality "1"]

1. Nf3 Nf6 2. g3 b6 3. c4 Bb7 4. Bg2 e6 5. 0-0 Be7 6. Nc3 c5 7. d4 Ne4 8. Nxe4 Bxe4 9. d5 0-0 10. Bh3 Bxf3 11. exf3 Bf6 12. Rb1 exd5 13. cxd5 Be5 14. Re1 d6 15. f4 Bf6 16. g4 Bd4 17. Be3 Qh4 18. Kg2 Nd7 19. g5 Bxe3 20. fxe3 f5 21. Qd3 c4 22. Qxc4 Rac8 23. Qe2 Nc5 24. Rbc1 g6 25. Red1 a5 26. Qf2 Qxf2+ 27. Kxf2 Nd3+ 28. Rxd3 Rxc1 29. Rb3 Rb8 30. Bf1 Rc2+ 31. Kg3 Kg7 32. h4 Rc5 33. Bg2 b5 34. e4 fxe4 35. Bxe4 Rc4 36. Bd3 Rd4 37. Bxb5 Rxd5 38. a4 Rd2 39. Rc3 Rb7 40. b3 Re7 41. Kf3 d5 42. h5 d4 43. h6+ Kf7 44. Rc8 Re3+ 45. Kg4 Rg2+ 46. Kh4 Rh2+ 47. Kg4 Rhh3 48. Bc4+ Ke7 49. f5 Rhg3+ 50. Kf4 Rgf3+ 0-1

[Event "Prague Bohemians"]
[Site "Prague"]
[Date "1991.??.??"]
[Round "4"]
[White "Keitlinghaus, Ludger"]
[Black "Walti, Rolf"]
[Result "1-0"]
[WhiteElo "2400"]
[BlackElo "2300"]
[PlyCount "56"]
[EventDate "1991.??.??"]
[EventType "tourn"]
[EventRounds "13"]
[EventCountry "CZE"]
[EventCategory "3"]
[SourceTitle "TD"]
[Source "ChessBase"]
[SourceDate "1994.03.01"]
[SourceVersion "1"]
[SourceVersionDate "1994.03.01"]
[SourceQuality "1"]

1. Nf3 e6 2. g3 b6 3. Bg2 Bb7 4. 0-0 Nf6 5. c4 Be7 6. Nc3 0-0 7. Re1 d6 8. d4 Nbd7 9. e4 e5 10. d5 a5 11. b3 Ne8 12. Rb1 g6 13. Bh6 Ng7 14. Qd2 Bc8 15. h3 Kh8 16. Ng5 Nf6 17. f4 Nfh5 18. Ne2 Bd7 19. Nf3 Qc8 20. Kh2 f5 21. exf5 Bxf5 22. Rbd1 Nf6 23. Nc3 Re8 24. fxe5 dxe5 25. Nxe5 Ngh5 26. d6 cxd6 27. Nf7+ Kg8 28. Nxd6 Qb8 1-0

[Event "Prague Bohemians"]
[Site "Prague"]
[Date "1991.??.??"]
[Round "2"]
[White "Vavra, Pavel"]
[Black "Walti, Rolf"]
[Result "1-0"]
[WhiteElo "2275"]
[BlackElo "2300"]
[PlyCount "73"]
[EventDate "1991.??.??"]
[EventType "tourn"]
[EventRounds "13"]
[EventCountry "CZE"]
[EventCategory "3"]
[SourceTitle "TD"]
[Source "ChessBase"]
[SourceDate "1994.03.01"]
[SourceVersion "1"]
[SourceVersionDate "1994.03.01"]
[SourceQuality "1"]

1. e4 e6 2. Nc3 d5 3. g3 Nf6 4. e5 Ng8 5. f4 Ne7 6. Nf3 b6 7. Bh3 d4 8. Nb5 Bb7 9. Nbxd4 Qd7 10. 0-0 c5 11. Ne2 Nbc6 12. d3 Nf5 13. g4 Nfd4 14. Bg2 h5 15. Nfxd4 cxd4 16. Ng3 hxg4 17. Qxg4 g6 18. Ne4 0-0-0 19. Bd2 Be7 20. a3 Kb8 21. b4 b5 22. a4 a6 23. axb5 axb5 24. Rfb1 Rh4 25. Qg3 Rdh8 26. Nc5 Bxc5 27. bxc5 Na7 28. h3 Bxg2 29. Qxg2 Rxh3 30. Rxa7 Qxa7 31. Rxb5+ Kc8 32. Qc6+ Qc7 33. Qa8+ Kd7 34. c6+ Qxc6 35. Rb7+ Qc7 36. Rxc7+ Kxc7 37. Ba5+ 1-0

[Event "Prague Bohemians"]
[Site "Prague"]
[Date "1991.??.??"]
[Round "11"]
[White "Vokac, Marek"]
[Black "Walti, Rolf"]
[Result "1-0"]
[WhiteElo "2455"]
[BlackElo "2300"]
[PlyCount "91"]
[EventDate "1991.??.??"]
[EventType "tourn"]
[EventRounds "13"]
[EventCountry "CZE"]
[EventCategory "3"]
[SourceTitle "TD"]
[Source "ChessBase"]
[SourceDate "1994.03.01"]
[SourceVersion "1"]
[SourceVersionDate "1994.03.01"]
[SourceQuality "1"]

1. d4 e6 2. Nf3 Nf6 3. c4 Bb4+ 4. Bd2 Qe7 5. g3 Nc6 6. Bg2 Bxd2+ 7. Nbxd2 d6 8. 0-0 a5 9. e4 e5 10. d5 Nb8 11. Ne1 h5 12. Nd3 h4 13. f4 hxg3 14. hxg3 Ng4 15. Qe2 Nh2 16. Rfe1 Bg4 17. Qf2 Nd7 18. c5 Nxc5 19. Nxc5 dxc5 20. Rac1 b6 21. Nc4 f6 22. d6 cxd6 23. Nxb6 Rb8 24. Nd5 Qb7 25. f5 Kf7 26. Rc2 Qa6 27. Qe3 Rh6 28. Rec1 Rbh8 29. Qb3 a4 30. Qc3 Kf8 31. b4 Rh3 32. bxc5 Nf3+ 33. Kf2 Rh2 34. Ne3 Rxg2+ 35. Nxg2 Ng5 36. Qc4 Qc6 37. Nh4 Rxh4 38. gxh4 Nxe4+ 39. Ke1 d5 40. Qb4 d4 41. Rb1 Bxf5 42. Qb8+ Kf7 43. Rb6 Qd5 44. Qc7+ Kg6 45. Rg2+ Ng5 46. Rxg5+ 1-0